000 00597nam a2200241Ia 4500
003 OSt
005 20220924151251.0
006 a|||||r|||| 00| 0
007 ta
008 220923b |||||||| |||| 00| 0 tel d
020 _c12
024 _a336905
037 _cTextual
040 _aARTS
_cARTS
_btel
041 _2tel
_atel
082 _aO35,3NSRx, M3
100 _aSrikanti Indraganti
_9223914
245 0 _aGaadhaa vaahini
260 _c1983
650 _aTELUGU FICTION
942 _hO35,3NSRx, M3
_cTEXL
_2CC
999 _c466045
_d466045